| 000 | 00680nam a2200193Ia 4500 | ||
|---|---|---|---|
| 010 | _aBAC-CH25 | ||
| 020 |
_a9780753720844 _c350.00 |
||
| 035 | _aG-003186 | ||
| 035 | _aB-563863-890 | ||
| 037 |
_bTechniz/vender _adpl |
||
| 082 | _a032.02 | ||
| 245 | _aTell Me Where? / | ||
| 260 |
_c2013 _aLondon _bChancellor Press |
||
| 270 |
_a189, Shaftesbury Avenue _bLondon _eWC2H 8JY |
||
| 300 |
_a207p.: _bcol.ill. _c22cm(pbk) |
||
| 942 |
_cCH _2ddc _mTEL _h032.02 |
||
| 999 |
_c86230 _d86230 |
||